Central Library OPAC University of Rajshahi

Modern public administration / (Record no. 59333)

MARC details
000 -LEADER
fixed length control field 00728nam a2200253 a 4500
001 - CONTROL NUMBER
control field 59333
003 - CONTROL NUMBER IDENTIFIER
rucl marc code BD-RjUL
005 - DATE AND TIME OF LATEST TRANSACTION
control field 20211209080722.0
008 - FIXED-LENGTH DATA ELEMENTS--GENERAL INFORMATION
fixed length control field 161222s1977 nyua b 001 0 eng
020 ## - INTERNATIONAL STANDARD BOOK NUMBER
International Standard Book Number 0060448431
035 ## - SYSTEM CONTROL NUMBER
System control number (BD-RjUL)59457
040 ## - CATALOGING SOURCE
Original cataloging agency DLC
Transcribing agency DLC
Modifying agency BD-RjUL
Language of cataloging eng
041 ## - LANGUAGE CODE
Language code of text/sound track or separate title eng
082 00 - DEWEY DECIMAL CLASSIFICATION NUMBER
Classification number 350
Edition number 23
Author mark and year NIM 1977
100 1# - MAIN ENTRY--PERSONAL NAME
Personal name Nigro, Felix A.
9 (RLIN) 176473
245 10 - TITLE STATEMENT
Title Modern public administration /
Statement of responsibility, etc. Felix A. Nigro, Lloyd G. Nigro.
250 ## - EDITION STATEMENT
Edition statement 4th ed.
260 ## - PUBLICATION, DISTRIBUTION, ETC. (IMPRINT)
Place of publication, distribution, etc. New York :
Name of publisher, distributor, etc. Harper & Row,
Date of publication, distribution, etc. c1977.
300 ## - PHYSICAL DESCRIPTION
Pagination xiv, 492 p. :
Illustrations ill. ;
Size 24 cm.
504 ## - BIBLIOGRAPHY, ETC. NOTE
Bibliography, etc Includes bibliographies and index.
650 #0 - SUBJECT ADDED ENTRY--TOPICAL TERM
Topical term or geographic name as entry element Public administration.
9 (RLIN) 174881
700 1# - ADDED ENTRY--PERSONAL NAME
Personal name Nigro, Lloyd G.
942 ## - ADDED ENTRY ELEMENTS (KOHA)
Source of classification or shelving scheme Dewey Decimal Classification
Koha item type Books
Holdings
Lost status Source of classification or shelving scheme Damaged status Not for loan Collection code Permanent Location Current Location Shelving location Date acquired Total Checkouts Full call number Date last seen Copy number Koha item type
  Dewey Decimal Classification   Not For Loan Non-fiction Central Library, University of Rajshahi Central Library, University of Rajshahi Reading Room 20/07/1987   350 NIM 1977 22/12/2016 C-1 Books